| 000 | 00463nam a22001697a 4500 | ||
|---|---|---|---|
| 003 | NUST - PNEC | ||
| 005 | 20170116181037.0 | ||
| 008 | 150919b xxu||||| |||| 00| 0 eng d | ||
| 020 | _a- | ||
| 040 | _cLIBRARY | ||
| 082 | _a621.815 GAY | ||
| 100 |
_911431 _aGaylord, E. H. |
||
| 245 |
_aDesign of steel structures: including applications in aluminum _cEdwin H. Gaylord |
||
| 260 | _cc.1957 | ||
| 650 |
_911434 _aDesign steel structures _xIME |
||
| 942 |
_2ddc _cBK |
||
| 999 |
_c67961 _d67961 |
||